|
|
|
|
| LEADER |
00000nam0a2200000 4500 |
| 001 |
181699 |
| 005 |
20231101223635.0 |
| 010 |
|
|
|a 9785897540440
|
| 035 |
|
|
|a (RuTPU)RU\TPU\book\196966
|
| 090 |
|
|
|a 181699
|
| 100 |
|
|
|a 20100609d2009 k y0rusy50 ca
|
| 101 |
0 |
|
|a rus
|
| 102 |
|
|
|a RU
|
| 105 |
|
|
|a a z 001zy
|
| 200 |
1 |
|
|a Введение в нефтегазовую ресурсологию
|f Н. А. Крылов
|g Газпром; Научно-исследовательский институт природных газов и газовых технологий - ВНИИГАЗ; под ред. М. Я. Зыкина
|
| 210 |
|
|
|a Москва
|c ВНИИГАЗ
|d 2009
|
| 215 |
|
|
|a 100 с.
|c ил.
|
| 320 |
|
|
|a Библиогр.: с. 95-98.
|
| 330 |
|
|
|a Рассмотрены базовые понятия ресурсологии, показатели качества запасов и ресурсов углеводородов, динамика качества ресурсов и запасов в процессе геологоразведочных работ и качества текущих запасов в процессе их отбора; дано сопоставление основных классификаций запасов и ресурсов. Кратко рассмотрен вопрос о подтверждаемости оценок ресурсов при переводе их в запасы. Для специалистов, занимающихся планированием и прогнозированием результативности геологоразведочных работ на нефть и газ, а также долгосрочным прогнозированием и планированием их добычи.
|
| 606 |
1 |
|
|a Нефтегазовые ресурсы
|2 stltpush
|3 (RuTPU)RU\TPU\subj\69986
|9 84580
|
| 610 |
1 |
|
|a нефтегазовая ресурсология
|
| 610 |
1 |
|
|a классификация
|
| 610 |
1 |
|
|a нефть
|
| 610 |
1 |
|
|a природный газ
|
| 610 |
1 |
|
|a добыча
|
| 610 |
1 |
|
|a геологоразведка
|
| 610 |
1 |
|
|a полезные ископаемые
|
| 610 |
1 |
|
|a месторождения
|
| 675 |
|
|
|a 553.98.04
|v 3
|
| 700 |
|
1 |
|a Крылов
|b Н. А.
|
| 702 |
|
1 |
|a Зыкин
|b М. Я.
|4 340
|
| 712 |
0 |
2 |
|a Газпром
|c Открытое Акционерное Общество
|c (Москва)
|2 stltpush
|3 (RuTPU)RU\TPU\col\11
|
| 712 |
0 |
2 |
|a Научно-исследовательский институт природных газов и газовых технологий - ВНИИГАЗ
|2 stltpush
|3 (RuTPU)RU\TPU\col\16396
|
| 801 |
|
1 |
|a RU
|b 63413507
|c 20100609
|
| 801 |
|
2 |
|a RU
|b 63413507
|c 20150526
|g RCR
|
| 942 |
|
|
|c BK
|
| 959 |
|
|
|a 41/20100609
|d 2
|e 171,00
|f ЧЗТЛ:1
|f АНЛ:1
|